| 000 | 01078nam0a22002771 4500 | ||
|---|---|---|---|
| 001 | v19\rc\1770947 | ||
| 005 | 20260406100407.0 | ||
| 035 | _a(NLR Aleph) 005249943 | ||
| 090 |
_a5793285 _c5793285 |
||
| 100 | _a20061204d1903 |||y0rusy50 ca | ||
| 101 | 0 | _arus | |
| 102 | _aRU | ||
| 105 | _ay z |||c| | ||
| 200 | 1 |
_aДетские годы Шиллера _eОчерк |
|
| 210 |
_aМосква _cД.П. Ефимов _d1903 |
||
| 215 |
_a36 с. _cрис. |
||
| 300 | _aИсточник: М.В. Соболев. Справочная книжка по чтению для детей всех возрастов. (1870-1905). Спб., 1907 | ||
| 700 | 1 |
_8rus _7ca _aЧерский _bЛ. Ф. _gЛеонид Федорович _3RU\NLR\AUTH\7776304 _959232 |
|
| 702 | 1 |
_4570 _8rus _7ca _aШиллер _bФ. _gФридрих _f1759-1805 _3RU\NLR\AUTH\7729698 _912726 |
|
| 801 | 2 |
_aRU _bNLR _c20090421 _2rusmarc |
|
| 801 | 0 |
_aRU _bNLR _c20061204 _gpsbo |
|
| 801 | 0 |
_aRU _bRuMoRGB _c20061204 _2psbo |
|
| 801 | 1 |
_aRU _bProSoft-M _c20061204 _2rusmarc |
|
| 852 |
_aNLR _jDesideratum |
||
| 942 | _cBOOK | ||
| 980 | _aNB | ||